Click with friends : angličtina : hybridní učebnice pro 3. ročník základní školy /

Main Author: Karásková, Miluška
Other Authors: Šádek, Jiří, Dvořáková, Kateřina, 1974-, Slánská, Zuzana, Talaber, Lucie, 1990-
Language: Czech
English
Published: Plzeň : Fraus, 2023
Edition: 2. vydání
Series: Škola s nadhledem
Subjects:
Physical Description: 72 stran : ilustrace (převážně barevné) ; 30 cm
Book
Saved in:
LEADER 02051nam a2200517 i 4500
001 nkc20233549080
003 CZ PrNK
005 20231020091744.0
007 ta
008 230920s2023 xr a b p 000 0 cze
015 |a cnb003549080 
020 |a 978-80-7489-804-4  |q (brožováno) 
035 |a (OCoLC)1408817315 
040 |a OLA001  |b cze  |d ABA001  |e rda 
041 0 |a cze  |a eng 
072 7 |a 811.111  |x Angličtina  |2 Konspekt  |9 11 
072 7 |a 37.016  |x Učební osnovy. Vyučovací předměty. Učebnice  |2 Konspekt  |9 22 
080 |a 811.111  |2 MRF 
080 |a (075.2)  |2 MRF 
100 1 |a Karásková, Miluška  |7 ola2003191628  |4 aut 
245 1 0 |a Click with friends :  |b angličtina : hybridní učebnice pro 3. ročník základní školy /  |c autoři: Miluška Karásková, Jiří Šádek, Kateřina Dvořáková ; ilustrace: Zuzana Slánská, Lucie Jašková 
246 3 0 |a Angličtina pro 3. ročník základní školy 
246 1 4 |a Click with friends 1 
250 |a 2. vydání 
264 1 |a Plzeň :  |b Fraus,  |c 2023 
300 |a 72 stran :  |b ilustrace (převážně barevné) ;  |c 30 cm 
336 |a text  |b txt  |2 rdacontent 
336 |a statický obraz  |b sti  |2 rdacontent 
337 |a bez média  |b n  |2 rdamedia 
338 |a svazek  |b nc  |2 rdacarrier 
490 1 |a Škola s nadhledem 
500 |a K učebnici se používá pracovní sešit a příručka učitele 1. vydání z roku 2020 
650 0 7 |a angličtina  |7 ph114056  |2 czenas 
650 0 9 |a English language  |2 eczenas 
655 7 |a učebnice základních škol  |7 fd133773  |2 czenas 
655 9 |a textbooks (elementary)  |2 eczenas 
700 1 |a Šádek, Jiří  |7 ola2003191627  |4 aut 
700 1 |a Dvořáková, Kateřina,  |d 1974-  |7 xx0026440  |4 aut 
700 1 |a Slánská, Zuzana  |7 ola2018983306  |4 ill 
700 1 |a Talaber, Lucie,  |d 1990-  |7 xx0248445  |4 ill 
830 0 |a Škola s nadhledem  |0 s 
910 2 |a BOA001  |b 4-1513.943 
990 |a BK 
995 |a 01 
991 |b 202310  |c NOV 
996 6 |b 2610950038  |c 4-1513.943  |l MZK  |r Sklad / do 1 hodiny  |n 0  |p p.v.  |w 001939793  |u 000010  |a 1  |e BOA001  |j MZK50  |s P